|
|
|
|
| LEADER |
03397nam a22003737a 4500 |
| 001 |
44738 |
| 003 |
BD-DhAAL |
| 005 |
20250909164906.0 |
| 008 |
250909t2025 a|||| b||| 001 0 eng d |
| 020 |
|
|
|a 9789081540636
|q printed version
|
| 020 |
|
|
|a 9789081540643
|q digital version
|
| 040 |
|
|
|a BD-DhAAL
|c BD-DhAAL
|
| 082 |
|
|
|a 004.36
|2 23
|
| 100 |
|
|
|a Steen, Maarten van,
|e author.
|9 59282
|
| 245 |
|
|
|a Distributed systems /
|c Maarten van Steen, Andrew S. Tanenbaum.
|
| 250 |
|
|
|a Fourth edition, version 4.03.
|
| 260 |
|
|
|a [place of publication not identified] :
|b Maarten van Steen,
|c 2025.
|
| 300 |
|
|
|a xii, 669 pages :
|b illustrations ;
|c 24 cm
|
| 504 |
|
|
|a Includes bibliographical references (pages 631-664) and index.
|
| 505 |
|
|
|a 1. Introduction -- 2. Architectures -- 3. Processes -- 4. Communication -- 5. Coordination -- 6. Naming -- 7. Consistency and replication -- 8. Fault tolerance -- 9. Security.
|
| 526 |
|
|
|a CSE
|x Annajiat Alim Rasel
Senior Lecturer
Department of Computer Science and Engineering
BRAC University
Course Name : Distributed Computing Systems (CSE 707)
|
| 541 |
|
|
|a Trim Education
|e 44738, 44739, 44740, 44741, 44742
|
| 650 |
|
|
|a Electronic data processing
|x Distributed processing.
|
| 650 |
|
|
|a Distributed operating systems (Computers).
|9 59283
|
| 650 |
|
|
|a Computer science.
|
| 700 |
|
|
|a Tanenbaum, Andrew S.,
|e author.
|
| 852 |
|
|
|a Ayesha Abed Library
|c General Stacks
|
| 942 |
|
|
|c BK
|2 ddc
|
| 999 |
|
|
|c 47425
|d 47425
|
| 952 |
|
|
|0 0
|1 0
|2 ddc
|4 0
|6 004_360000000000000_STE
|7 0
|9 78059
|a BRACUL
|b BRACUL
|c GEN
|d 2025-09-02
|e Trim Education
|g 9000.00
|l 1
|m 1
|o 004.36 STE
|p 3010044742
|q 2026-06-02
|r 2026-05-12
|s 2026-05-12
|t 5
|v 18000.00
|w 2025-09-02
|y BK
|x Requisitioned by Annajiat Alim Rasel (Senior Lecturer, Department of Computer Science and Engineering, BRAC University) for the course named- 'Distributed Computing Systems (CSE 707)'
|
| 952 |
|
|
|0 0
|1 0
|2 ddc
|4 0
|6 004_360000000000000_STE
|7 0
|9 78060
|a BRACUL
|b BRACUL
|c GEN
|d 2025-09-02
|e Trim Education
|g 9000.00
|l 0
|o 004.36 STE
|p 3010044740
|r 2025-09-02
|t 3
|v 18000.00
|w 2025-09-02
|y BK
|x Requisitioned by Annajiat Alim Rasel (Senior Lecturer, Department of Computer Science and Engineering, BRAC University) for the course named- 'Distributed Computing Systems (CSE 707)'
|
| 952 |
|
|
|0 0
|1 0
|2 ddc
|4 0
|6 004_360000000000000_STE
|7 0
|9 78061
|a BRACUL
|b BRACUL
|c GEN
|d 2025-09-02
|e Trim Education
|g 9000.00
|l 0
|o 004.36 STE
|p 3010044741
|r 2025-09-02
|t 4
|v 18000.00
|w 2025-09-02
|y BK
|x Requisitioned by Annajiat Alim Rasel (Senior Lecturer, Department of Computer Science and Engineering, BRAC University) for the course named- 'Distributed Computing Systems (CSE 707)'
|
| 952 |
|
|
|0 0
|1 0
|2 ddc
|4 0
|6 004_360000000000000_STE
|7 0
|9 78062
|a BRACUL
|b BRACUL
|c GEN
|d 2025-09-02
|e Trim Education
|g 9000.00
|l 1
|m 5
|o 004.36 STE
|p 3010044739
|q 2026-06-02
|r 2026-05-14
|s 2026-05-14
|t 2
|v 18000.00
|w 2025-09-02
|y BK
|x Requisitioned by Annajiat Alim Rasel (Senior Lecturer, Department of Computer Science and Engineering, BRAC University) for the course named- 'Distributed Computing Systems (CSE 707)'
|
| 952 |
|
|
|0 0
|1 0
|2 ddc
|4 0
|6 004_360000000000000_STE
|7 0
|9 78063
|a BRACUL
|b BRACUL
|c NEW
|d 2025-09-02
|e Trim Education
|g 9000.00
|l 1
|m 11
|o 004.36 STE
|p 3010044738
|r 2026-03-05
|s 2025-09-11
|t 1
|v 18000.00
|w 2025-09-02
|y BK
|x Requisitioned by Annajiat Alim Rasel (Senior Lecturer, Department of Computer Science and Engineering, BRAC University) for the course named- 'Distributed Computing Systems (CSE 707)'
|